Les 10 villes les plus peuplées au monde - Statistiques

Statistiques générales
  • Ce quiz a été pris 441 fois
  • Le résultat moyen est 6 sur 10
Statistiques - réponses
Nombre d'habitants Villes % Correct
37 194 104 Tokyo
93%
21 766 214 Pékin (Beijing)
83%
32 941 308 Delhi
79%
29 210 808 Shanghai
70%
21 296 516 Bombay
57%
22 281 442 Mexico
54%
22 619 636 Sao Paulo
45%
22 183 200 Le Caire
43%
19 013 434 Osaka
30%
23 209 616 Dacca
29%
Aucun quiz correspondant
Distribution des résultats
% des personnes avec chaque résultat
Percentile par nombre de réponses
Votre historique - résultats
Vous n’avez pas pris ce quiz